MDQL
is popping MORE tags! Check the
thread
!
Quizzes
Events
Quiz Creation
Community
Videos
Private Events
Remove Ads
Sign In
Join for FREE
Feedback
Dark Mode
Quiz Categories
Sports
Geography
Music
Movies
Television
Just For Fun
Miscellaneous
History
Literature
Language
Science
Gaming
Entertainment
Religion
Holiday
For Kids
Quiz Lab
Recent
Popular Today
Quiz Kudos Today
Editor Picks
Curator Picks
Quizzes by...
Day
Popularity
Type
Ratings
Length
Year
Community
Subscriptions
Recent Discussions
Orange Saloon
Badges
Playlists
Quests
Create
Leaderboards
Showdown
Live 5
Trivia Bingo
Activity
Puzzle Library
Sporcle Events
Private Events
Virtual Trivia
Globe League
Become a Host
Pub Owners
SporcleCon
Opinionation
Our Games
Videos
Blog
Mobile Apps
Partnerships
Remove Ads and Go Orange
Feedback
Literature
Harry Potter
A Song of Ice and Fire
The Hunger Games
Literary Character
Shakespeare
Book
Author
Novel
Poem
Young Adult
Children's Books
Play
Lord of the Rings
Literature
Harry Potter
A Song of Ice and Fire
The Hunger Games
Literary Character
Shakespeare
Book
Author
Novel
Poem
Young Adult
Children's Books
Play
Lord of the Rings
Random Quiz
Search Sporcle
×
Quiz Lab
Quiz Lab
Literature
donne
Type in answers that appear in a list
Type in answers that appear in a list
Classic
Best Score? Go Orange.
Love's Deity Stats
Can you name word to Love's Deity
By
clioday
10m
232 Questions
1 Play
1 Plays
1 Plays
Comments
Comments
Give Quiz Kudos
Give Quiz Kudos
-
- Ratings
hide this ad
Replay
Link that replays current quiz
Next Quiz
Link to next quiz in quiz playlist
You Got
0%
They Got
Avg Score
23%
Avg Friend Score
Upgrade to see
Score Distribution
Jump to the score distribution portion of the page
Score
0/232
Timer
10:00
0
Plays Today
Answer
% Correct
as
100%
I
100%
to
100%
the
100%
of
100%
I
100%
to
100%
a
100%
and
100%
it
100%
I
100%
me.
100%
100%
in
100%
it.
100%
an
100%
to
100%
to
100%
It
100%
I
100%
me.
100%
100%
as
100%
as
100%
To
100%
to
100%
to
100%
to
100%
to
100%
is
100%
the
100%
of
100%
the
100%
of
100%
to
100%
it
100%
I
100%
me.
100%
100%
and
100%
I
100%
as
100%
I
100%
the
100%
me
100%
or
100%
a
100%
to
100%
me
100%
to
100%
is
100%
and
100%
if
100%
I
100%
me.
100%
her
0%
that
0%
long
0%
talk
0%
with
0%
some
0%
old
0%
lover's
0%
ghost
0%
who
0%
died
0%
before
0%
god
0%
love
0%
was
0%
born:
0%
cannot
0%
think
0%
that
0%
he
0%
who
0%
then
0%
loved
0%
Answer
% Correct
most
0%
sunk
0%
so
0%
low
0%
love
0%
one
0%
which
0%
did
0%
scorn.
0%
But
0%
since
0%
this
0%
god
0%
produced
0%
destiny
0%
that
0%
vice
0%
nature
0%
custom
0%
lets
0%
be
0%
must
0%
love
0%
her
0%
that
0%
loves
0%
not
0%
Sure
0%
they
0%
which
0%
made
0%
him
0%
god
0%
meant
0%
not
0%
so
0%
much
0%
nor
0%
he
0%
his
0%
young
0%
godhead
0%
practised
0%
But
0%
when
0%
even
0%
flame
0%
two
0%
hearts
0%
did
0%
touch
0%
his
0%
office
0%
was
0%
indulgently
0%
fit
0%
actives
0%
passives.
0%
Correspondency
0%
only
0%
his
0%
subject
0%
was.
0%
cannot
0%
be
0%
love
0%
till
0%
love
0%
loves
0%
But
0%
every
0%
modern
0%
god
0%
will
0%
now
0%
extend
0%
his
0%
vast
0%
Answer
% Correct
perogative
0%
far
0%
Jove.
0%
rage
0%
lust
0%
write
0%
commend
0%
all
0%
purlieu
0%
god
0%
love.
0%
Oh
0%
were
0%
we
0%
wakened
0%
by
0%
this
0%
tyranny
0%
this
0%
ungod
0%
child
0%
again
0%
could
0%
not
0%
be
0%
should
0%
love
0%
her
0%
who
0%
loves
0%
not
0%
Rebel
0%
atheist
0%
too
0%
why
0%
murmur
0%
though
0%
felt
0%
worst
0%
that
0%
love
0%
could
0%
do?
0%
Love
0%
might
0%
make
0%
leave
0%
loving
0%
might
0%
try
0%
deeper
0%
plague
0%
make
0%
her
0%
love
0%
too;
0%
which
0%
since
0%
she
0%
loves
0%
before
0%
I'm
0%
loth
0%
see.
0%
Falsehood
0%
worse
0%
than
0%
hate;
0%
that
0%
must
0%
be
0%
she
0%
whom
0%
love
0%
should
0%
love
0%
Quiz Playlist
Details
Report
Send in Message
Add To Playlist
Classic:
Type in answers that appear in a list
Last Updated: Feb 16, 2017
Quiz Scoreboard
CHALLENGE
Sign Up to Join the Scoreboard
Show All
Scores
Hide
Comments
May contain spoilers
Recently Published
1-10 Letter E Words III
by El_Dandy
Language
2m
Street Fighter Characters
by Artimus82
Gaming
60s
College Basketball Coaching Resumes
by pancakes188
Sports
9m
More to Explore
Quiz From the Vault
Featured Blog Post
Where Did the Easter Bunny Come From?
hide this ad
You Might Also Like...
Tags
donne
John Donne
Today's Top Quizzes in Literature
Browse Literature
hide this ad
Top Contributed Quizzes in Literature
1
Sneaky Slytherin Logic Puzzle
2
Get The Picture: Black or White Literature
3
5-to-1: Plays
4
One Thing in Common: Literature
5
A Court of Thorns and Roses (ACoTaR) Logic Puzzle
6
One Thing in Common: Literature II
7
One Thing in Common: Books
8
One Thing in Common: Literature 3
9
'Middle' Earth
10
One Thing in Common: Books II
Explore More
Trending Topics
Anime
Disney
NBA
Marvel
Kpop
Crossword
Harry Potter
NFL
Puzzle
Song
Country
The Office
Pokémon
WWE
Soccer
hide this ad
More By:
clioday
Quiz
Plays
Rating
Category
Featured
Created
Good Friday 1613 (Part I)
130
Literature
Jan 2, 2014
Batter My Heart
91
5.00
Literature
Jan 2, 2014
At The Round Earth's Imagined Corners
78
Literature
Jan 1, 2014
Good Friday 1613 (Part II)
68
Literature
Jan 2, 2014
Elegy XIX To His Mistress Going To Bed (Part II)
12
Literature
Jan 1, 2014
Go to Creator's Profile
Score Distribution
Quiz Creator Spotlight
clioday
Follow
Send a Message
Quizzes Created
-
Created Quiz Play Count
-
More By This Creator
Popular Quizzes Today
1
Find the US States - No Outlines Minefield
2
Find the Countries of Europe - No Outlines Minefield
3
The Countries of the World
4
Find the US States
5
Risky Map Clicking: Biggest States A-Z
6
US States
7
Popular People in 1961
8
Movies - When Are They Set?
More Literature Quizzes
Well-Known Literature (A-Z)
Published
Trending Quizzes
Risky Map Clicking: Least Populous States A-Z
1-10 Letter G Words
Countries of the World: 200 Million BC
1-10 Letter F Words
Risky Map Clicking: Next State Alphabetically
Recently Updated
Rides in Walt Disney World
pecheneg
Most Oscar Losses (Acting)
pecheneg
Beyoncé Albums
pecheneg
Leaping Animals
pecheneg
Reality TV Shows (A-Z)
bhenderson79
Rickey Henderson's Hall of Fame Teammates
pecheneg
Champions League XIs: Arsenal
pecheneg
Quick Pick: Celebrities in WWE's Hall of Fame
aduchscher
A-Z Keypad Blitz II
pecheneg
Multiple Oscar Actors
pecheneg
Trending Topics
Disney
Harry Potter
NBA
Anime
Crossword
Marvel
Kpop
The Office
Puzzle
Soccer
Pokémon
Country
NFL
Song
WWE
Your Account Isn't Verified!
In order to create a playlist on Sporcle, you need to verify the email address you used during registration. Go to your
Sporcle Settings
to finish the process.
Report this User
Report this user for behavior that violates our
Community Guidelines
.
Details:
Send Report
Go to the Sporcle.com Mobile Site →
Comments